00379nam a2200145Ia 4500008004100000020001500041041001200056082001100068100001700079245007300096260003500169300000800204650000800212700001300220221030s9999 xx 000 0 und d a818845897X aEnglish a105.23 aO. N. Pandey 0aBio-Medical Electronics & Instrumentationcby O. N. Pandey, R. Kumar bS. K. KatariaaNew Delhic2009 a380 aECE aR. Kumar